000 01197nam a22002537a 4500
005 20100928113853.0
008 100928t xxu||||| |||| 00| 0 hin d
010 _aHIN-90665
020 _a8181350456
_c750.00
035 _aHN-63011
037 _bDBAD / PUB
040 _aDPL
_bHN
082 _a823.08
100 _aठाकुर, डी.एस.
_922145
245 _aप्रेमचंद और अमृतलाल नागर के उपन्यासों में प्रतिफलित सामाजिक चेतना /
_cडी.एस.ठाकुर
246 _aPremchand aur amritlal nagar ke Upanyasaon mein Pratifalit samajik chatna
_bby D.S. Thakur
260 _aदिल्ली
_bपंकज बुक्स
_c2009
270 _a109-ए, पटपड़गंज
_bदिल्ली
_e110091
_k22754663
300 _a535पृ.
_c22सेमी (सजिल्द)
650 _91169
700 _922273
942 _2ddc
_cHN
_h823.08
_mठाकुर
999 _c47956
_d47956